|
|
|
|
| LEADER |
00000nab a2200000 a 4500 |
| 001 |
vtls000499933 |
| 003 |
SK-MaSNL |
| 005 |
20260304035747.0 |
| 008 |
220422c1993 xo 0 slo |
| 015 |
|
|
|a SNBRB19rr/mm-uuuuu
|
| 035 |
|
|
|a CL0500071
|
| 040 |
|
|
|a SNKBUCL
|b slo
|c SNKBUCL
|e AACR2
|
| 041 |
0 |
|
|a slo
|
| 044 |
|
|
|a xo
|c SK
|
| 080 |
|
|
|a 615.33
|2 1981
|
| 100 |
1 |
|
|a Krčméry, Vladimír,
|d 1960-2022
|4 aut
|9 113530
|
| 245 |
1 |
0 |
|a Je možná jednorazová terapia antibiotikami?
|b Hypotéza alebo overená prax?
|c Vladimír Krčméry ml.
|
| 300 |
|
|
|b Tab. 1, lit. 20 zázn. v angl., češ., slov.
|
| 650 |
0 |
7 |
|a antibiotiká
|2 snkbucl
|9 2424
|
| 655 |
|
7 |
|a články z novín a časopisov
|2 snkbucl
|9 267496
|
| 773 |
0 |
|
|t Slovakofarma revue
|g Roč. 3, č. 3-4 (1993), s. 99-102
|
| 850 |
|
|
|a Slovenská národná knižnica v Martine
|a MTA001
|
| 852 |
|
|
|a SNK
|b KIS3GCP
|
| 958 |
|
|
|a NB
|
| 958 |
|
|
|a RK
|
| 958 |
|
|
|a ME
|
| 992 |
|
|
|a RBX
|
| 999 |
|
|
|c 2659639
|d 2661569
|